000 01033nam a22003017i 4500
003 DO-SdBNP
005 20250828080756.0
007 ta
008 250828b1977 dr ||||| |||| 00| 0 spa d
040 _aDO-SdBNP
_bspa
_cBNPHU
_erda
041 _asp
082 4 _a343.0929
_bR426Le
_222
110 1 _aRepública Dominicana
_9447
240 1 0 _a[Leyes, etc.]
245 1 0 _aLeyes, reglamentos, resoluciones que regulan las transferencias internacionales de fodos = laws, regulations and resolutions governig the international transfer of funds
250 _aTercera edición aumentada, corregida y actualizada
264 1 _aSanto Domingo :
_bMilton Messina y Asociados,
_c1977
300 _a66 páginas ;
_c21 cm.
336 _atexto
_btxt
_2rdacontent
337 _asin mediación
_bn
_2rdamedia
338 _avolumen
_bnc
_2rdacarrier
590 _aInventariado, 2005/DG
610 _916035
650 4 _aEmpresas eléctricas
_zRepública Dominicana
_97935
650 0 _aLegislación
_916036
910 _aDG
942 _2ddc
_cLBS1
999 _c59835
_d59835